Vyhodnocovanie podobnosti obrazov na digitalizovaných fotografiách

Guardado en:
Detalles Bibliográficos
Autor principal: Tyrolová, Mária (Autor)
Otros Autores: Bukovčiková, Zuzana (Orientador)
Formato: Manuscrito Libro
Lenguaje:eslovaco
Publicado: Bratislava : STU v Bratislave FEI, 2022
Materias:
Acceso en línea:https://opac.crzp.sk/?fn=detailBiblioFormChildMP08N&sid=85CE14C1EED0152B7836DF9735B2&seo=CRZP-detail-kniha
Etiquetas: Agregar Etiqueta
Sin Etiquetas, Sea el primero en etiquetar este registro!

MARC

LEADER 00000ntm a22000003a 4500
001 stuzp88791
003 SK-STU
005 20230404130316.7
007 ta
008 150427s2015----xo-----f-mn---000-0-slo-d
040 |a STU  |b slo 
041 0 |a slo 
044 |a xo 
100 1 |a Tyrolová, Mária  |u 035000  |4 aut  |U FEI Fakulta elektrotechniky a informatiky  |T FEI Ústav informatiky a matematiky  |X 104618  |U E050  |Y 816  |7 104618 
242 0 1 |a Evaluation of the similarity of images in digitized photographs  |y eng 
245 1 0 |a Vyhodnocovanie podobnosti obrazov na digitalizovaných fotografiách 
260 |a Bratislava :  |b STU v Bratislave FEI,  |c 2022 
300 |a 58 s., príl. 
650 4 |a databáza  |2 slo 
650 4 |a fotografia  |2 slo 
650 4 |a stredná štvorcová chyba  |2 slo 
650 4 |a strojové učenie  |2 slo 
650 4 |a rozhodovací strom  |2 slo 
650 4 |a stroj s podpornými vektormi  |2 slo 
650 4 |a index štruktúrnej podobnosti  |2 slo 
650 4 |a náhodný les  |2 slo 
650 4 |a ResNet50  |2 slo 
650 4 |a VGG16  |2 slo 
650 4 |a random forest  |2 eng 
650 4 |a decision tree  |2 eng 
650 4 |a ResNet50  |2 eng 
650 4 |a VGG16  |2 eng 
650 4 |a structural similarity index  |2 eng 
650 4 |a support vector machine  |2 eng 
650 4 |a mean squared error  |2 eng 
650 4 |a database  |2 eng 
650 4 |a photography  |2 eng 
650 4 |a machine learning  |2 eng 
700 1 |a Bukovčiková, Zuzana  |u 035000  |k Z2  |4 ths  |U FEI Fakulta elektrotechniky a informatiky  |T FEI Ústav informatiky a matematiky  |X 53481  |U E050  |Y 816  |7 53481 
856 4 |u https://opac.crzp.sk/?fn=detailBiblioFormChildMP08N&sid=85CE14C1EED0152B7836DF9735B2&seo=CRZP-detail-kniha